000
00208 a2200109 4500
020
_a
9781610678872
041
_a
spa
100
_a
Courtney Dicmas
245
_a
El Lemur Soądor
942
_c
BK
952
_7
1
999
_c
23950
_d
23950